<?xml version="1.0" encoding="UTF-8"?>
<collection xmlns="http://www.loc.gov/MARC21/slim">
 <record>
  <leader>01711nam a22002417a 4500</leader>
  <controlfield tag="001">NCT_40562</controlfield>
  <controlfield tag="008">180609b        xxu||||| |||| 00| 0 vie d</controlfield>
  <datafield tag="999" ind1=" " ind2=" ">
   <subfield code="c">1949</subfield>
   <subfield code="d">1949</subfield>
  </datafield>
  <datafield tag="020" ind1=" " ind2=" ">
   <subfield code="a">9786048005498</subfield>
   <subfield code="c">60000</subfield>
  </datafield>
  <datafield tag="082" ind1="0" ind2="4">
   <subfield code="2">23rd ed.</subfield>
   <subfield code="a">070.4</subfield>
   <subfield code="b">H100</subfield>
  </datafield>
  <datafield tag="100" ind1="1" ind2=" ">
   <subfield code="a">Trần Dzĩ Hạ</subfield>
  </datafield>
  <datafield tag="245" ind1="1" ind2="0">
   <subfield code="a">Thuật làm báo : </subfield>
   <subfield code="b">Sách thực hành</subfield>
   <subfield code="c">Trần Dzĩ Hạ</subfield>
  </datafield>
  <datafield tag="260" ind1=" " ind2=" ">
   <subfield code="a">H.</subfield>
   <subfield code="b">Thông tin và truyền thông</subfield>
   <subfield code="c">2014</subfield>
  </datafield>
  <datafield tag="300" ind1=" " ind2=" ">
   <subfield code="a">226 tr.</subfield>
   <subfield code="c">21 cm</subfield>
  </datafield>
  <datafield tag="520" ind1="3" ind2=" ">
   <subfield code="a">Nội dung cuốn sách giới thiệu về lý thuyết nghiệp vụ báo chí, từ khâu đi viết đến khâu tòa soạn và được viết dưới hình thức câu chuyện hoặc tiểu phẩm, có các tình tiết cụ thể, dễ hiểu, dễ nhớ và dễ tiếp thu, thực hành.</subfield>
  </datafield>
  <datafield tag="653" ind1=" " ind2=" ">
   <subfield code="a">Quan hệ công chúng</subfield>
  </datafield>
  <datafield tag="942" ind1=" " ind2=" ">
   <subfield code="2">ddc</subfield>
   <subfield code="c">BK</subfield>
  </datafield>
  <datafield tag="952" ind1=" " ind2=" ">
   <subfield code="0">0</subfield>
   <subfield code="1">0</subfield>
   <subfield code="2">ddc</subfield>
   <subfield code="4">0</subfield>
   <subfield code="6">070_400000000000000_H100</subfield>
   <subfield code="7">0</subfield>
   <subfield code="9">10244</subfield>
   <subfield code="a">000001</subfield>
   <subfield code="b">000001</subfield>
   <subfield code="d">2018-06-09</subfield>
   <subfield code="o">070.4 H100</subfield>
   <subfield code="p">MD.09281</subfield>
   <subfield code="r">2018-06-09</subfield>
   <subfield code="v">60000.00</subfield>
   <subfield code="w">2018-06-09</subfield>
   <subfield code="y">BK</subfield>
  </datafield>
  <datafield tag="952" ind1=" " ind2=" ">
   <subfield code="0">0</subfield>
   <subfield code="1">0</subfield>
   <subfield code="2">ddc</subfield>
   <subfield code="4">0</subfield>
   <subfield code="6">070_400000000000000_H100</subfield>
   <subfield code="7">0</subfield>
   <subfield code="9">10245</subfield>
   <subfield code="a">000001</subfield>
   <subfield code="b">000001</subfield>
   <subfield code="d">2018-06-09</subfield>
   <subfield code="o">070.4 H100</subfield>
   <subfield code="p">MD.09282</subfield>
   <subfield code="r">2018-06-09</subfield>
   <subfield code="v">60000.00</subfield>
   <subfield code="w">2018-06-09</subfield>
   <subfield code="y">BK</subfield>
  </datafield>
  <datafield tag="952" ind1=" " ind2=" ">
   <subfield code="0">0</subfield>
   <subfield code="1">0</subfield>
   <subfield code="2">ddc</subfield>
   <subfield code="4">0</subfield>
   <subfield code="6">070_400000000000000_H100</subfield>
   <subfield code="7">0</subfield>
   <subfield code="9">10246</subfield>
   <subfield code="a">000001</subfield>
   <subfield code="b">000001</subfield>
   <subfield code="d">2018-06-09</subfield>
   <subfield code="o">070.4 H100</subfield>
   <subfield code="p">MD.09283</subfield>
   <subfield code="r">2018-06-09</subfield>
   <subfield code="v">60000.00</subfield>
   <subfield code="w">2018-06-09</subfield>
   <subfield code="y">BK</subfield>
  </datafield>
  <datafield tag="952" ind1=" " ind2=" ">
   <subfield code="0">0</subfield>
   <subfield code="1">0</subfield>
   <subfield code="2">ddc</subfield>
   <subfield code="4">0</subfield>
   <subfield code="6">070_400000000000000_H100</subfield>
   <subfield code="7">0</subfield>
   <subfield code="9">10247</subfield>
   <subfield code="a">000001</subfield>
   <subfield code="b">000001</subfield>
   <subfield code="d">2018-06-09</subfield>
   <subfield code="o">070.4 H100</subfield>
   <subfield code="p">MD.09284</subfield>
   <subfield code="r">2018-06-09</subfield>
   <subfield code="v">60000.00</subfield>
   <subfield code="w">2018-06-09</subfield>
   <subfield code="y">BK</subfield>
  </datafield>
  <datafield tag="952" ind1=" " ind2=" ">
   <subfield code="0">0</subfield>
   <subfield code="1">0</subfield>
   <subfield code="2">ddc</subfield>
   <subfield code="4">0</subfield>
   <subfield code="6">070_400000000000000_H100</subfield>
   <subfield code="7">0</subfield>
   <subfield code="9">10248</subfield>
   <subfield code="a">000001</subfield>
   <subfield code="b">000001</subfield>
   <subfield code="d">2018-06-09</subfield>
   <subfield code="o">070.4 H100</subfield>
   <subfield code="p">MD.09285</subfield>
   <subfield code="r">2018-06-09</subfield>
   <subfield code="v">60000.00</subfield>
   <subfield code="w">2018-06-09</subfield>
   <subfield code="y">BK</subfield>
  </datafield>
  <datafield tag="980" ind1=" " ind2=" ">
   <subfield code="a">Thư viện Trường Đại học Nam Cần Thơ</subfield>
  </datafield>
 </record>
</collection>
